01210nam a2200301 a 4500001000900000005001700009008004100026020001500067040001300082041001100095050002400106245011300130260008000243300003100323440003200354500012000386500003900506500003100545504002700576546003600603650006200639650003700701650003800738700002600776700002700802700003600829710004300865BRCA_73920190320203128.0961204s1996 mx-a---##b---#000-0#spa-u a968653346X aDLCcDLC aspaeng 4aNK844b.U86 4c199610aCerámica inglesa en MéxicocOlivia Barclay Jones, Ana Paulina Gámez Martínez, Olivia Castro Morales. aMéxicobMuseo Franz Mayer : The British Council : Artes de Méxicoc1996 a71 p.bil. a colorc23 cm. 0aColección Uso y estilov4 aCatálogo de la exposicón realizada en el Museo Franz Mayer (Ciudad de México), 29 agosto - 10 noviembre, 1996 aEl ejemplar 1 incluye invitación a2 ejemplares en Biblioteca aBibliografía : p. 71 aTexto en : español e inglés14aMercancías de transferencia azul y blancovExposiciones14aCerámica inglesavExposiciones14aCerámica mexicanavExposiciones1 aBarclay Jones, Olivia1 aCastro Morales, Olivia1 aGámez Martínez, Ana Paulina2 aMuseo Franz Mayer (Ciudad de México)